| 000 | 00606nam a22002177a 4500 | ||
|---|---|---|---|
| 999 |
_c8633 _d8633 |
||
| 001 | 8633 | ||
| 003 | BD-JhCC | ||
| 005 | 20181204100553.0 | ||
| 008 | 180228b1976 bg ||||| |||| 00| 0 ben d | ||
| 035 | _a(BD-JhCC)8633 | ||
| 040 |
_aBD-JhCC _dBD-JhCC |
||
| 041 | _aben | ||
| 082 |
_a398.09 _bBAD 1976 |
||
| 100 | _aবদিউজ্জামান | ||
| 245 |
_aলোক- সাহিত্য / _cবদিউজ্জামান |
||
| 260 |
_aঢাকাঃ _bবাংলা একাডেমী _c1976 |
||
| 300 |
_a242 p. : _c23 cm. |
||
| 650 | _aFolklore | ||
| 942 |
_2ddc _cBK |
||